Academic's Dictionary of Engineering / (Record no. 1899)
[ view plain ]
| 000 -LEADER | |
|---|---|
| fixed length control field | 00278 a2200097 4500 |
| 082 ## - DEWEY DECIMAL CLASSIFICATION NUMBER | |
| Classification number | 620.003 MEH |
| 100 ## - MAIN ENTRY--PERSONAL NAME | |
| Personal name | Mehta,S. |
| 245 ## - TITLE STATEMENT | |
| Title | Academic's Dictionary of Engineering / |
| Statement of responsibility, etc. | S.Mehta |
| 260 ## - PUBLICATION, DISTRIBUTION, ETC. | |
| Place of publication, distribution, etc. | New Delhi : |
| Date of publication, distribution, etc. | Academic Publisher , |
| Name of publisher, distributor, etc. | 2003 |
| 300 ## - PHYSICAL DESCRIPTION | |
| Extent | 460p. : |
| Other physical details | ill. ; |
| Dimensions | 24cm |
| 650 ## - SUBJECT ADDED ENTRY--TOPICAL TERM | |
| Topical term or geographic name entry element | Engineering dictionary |
| Withdrawn status | Lost status | Damaged status | Not for loan | Permanent Location | Current Location | Shelving location | Date acquired | Total Checkouts | Full call number | Barcode | Date last seen | Price effective from | Koha item type |
|---|---|---|---|---|---|---|---|---|---|---|---|---|---|
| School of Civil and Environmental Engineering (SCEE) | School of Civil and Environmental Engineering (SCEE) | 620.003 MEH | NIT-598 | 01/05/2017 | 01/05/2017 | Book |
